000 00645nam a2200229Ia 4500
003 OSt
005 20221005101722.0
006 a|||||r|||| 00| 0
007 ta
008 221004b |||||||| |||| 00| 0 mal d
024 _a56103
037 _cTextual
040 _aCRL
_cCRL
_bmal
041 _2mal
_amal
082 _aO32,3xN27, J2
100 _aNair N Chandrasekharan Ed.
_9622565
245 0 _aMazhavillu
260 _aTrivandrum
_bSreenikethan publictions India
_c1952
650 _aMALAYALAM FICTION
_9183428
942 _hO32,3xN27, J2
_cTEXL
_2cc
999 _c1007299
_d1007299